| 000 | 00978cam a22002535a 4500 | ||
|---|---|---|---|
| 001 | E145214 | ||
| 008 | 080407s2008 xxk of 000 0 eng d | ||
| 020 | _a9781848060586 | ||
| 035 | _a(Sirsi) u145214 | ||
| 041 | 0 | _aeng | |
| 050 | 0 | 4 | _a690.2 $2 18 |
| 110 | 1 | _aBuilding Research Establishment | |
| 245 | 0 | 0 | _aMarine aggregates in concrete |
| 260 |
_aWatford _bIHS BRE _c2008 |
||
| 300 |
_a6p. _bill. _c2008 |
||
| 490 | 0 |
_aBRE Digest _vDG 507 |
|
| 520 | _aLooks at European standards affecting concrete and aggregates, inlcuding guidance on preventing alkali-silica resction. Supersedes DG 473 (ISBN 1860816010). | ||
| 521 | 2 | _aAdvanced | |
| 590 | _aKA | ||
| 651 | 4 |
_aUnited Kingdom _y |
|
| 690 | _aBUILT ENVIRONMENT-BUILDING MATERIALS-CEMENTITIOUS, CONCRETE AND MINERAL BOUND MATERIALS-CONCRETE | ||
| 856 | 4 | 8 |
_uhttps://rics.org/globalassets/rics-website/media/footer/library-document-delivery-form-rics.pdfz _This document can be viewed in the library. |
| 942 | _n0 | ||
| 999 |
_c108728 _d108728 |
||